[Event "Tonder Byturnering A"]
[Site "Tonder"]
[Date "2015.??.??"]
[Round "2"]
[White "Falsig, Niels"]
[Black "Larsen, Kaj Elkjaer"]
[Result "1/2-1/2"]
[WhiteElo "1942"]
[BlackElo "1847"]
[PlyCount "90"]
[EventDate "2015.??.??"]
[EventType "swiss"]
[EventRounds "4"]
[EventCountry "DEN"]
[SourceTitle "EXT 2024"]
[Source "ChessBase"]
[SourceDate "2023.10.10"]
[SourceVersion "1"]
[SourceVersionDate "2023.10.10"]
[SourceQuality "1"]

1. d4 Nf6 2. Nf3 e6 3. c4 d5 4. Bg5 Be7 5. e3 0-0 6. Nc3 c6 7. Be2 dxc4 8. Bxc4 Nd5 9. Bxe7 Qxe7 10. 0-0 Nxc3 11. bxc3 b6 12. e4 Rd8 13. Re1 Bb7 14. Qb3 Nd7 15. Rad1 b5 16. Bf1 Nb6 17. Nd2 Rac8 18. e5 a6 19. Ne4 Rc7 20. c4 Rcd7 21. Nd6 Nc8 22. c5 Nxd6 23. exd6 Qg5 24. Rd3 Qd5 25. Qc2 a5 26. Rh3 h6 27. Qd2 f6 28. Rg3 g5 29. h4 Rg7 30. hxg5 hxg5 31. Rge3 e5 32. Qxa5 Ra8 33. Qb6 Qxd4 34. Rd3 Qg4 35. Be2 Qd7 36. Red1 f5 37. R1d2 g4 38. Bd1 Kh7 39. Bb3 Bc8 40. Re2 e4 41. Rd4 Kg6 42. a4 Ra6 43. Qb8 Ra7 44. Ra2 Rb7 45. Qa8 Ra7 1/2-1/2